| 000 | 00949nam0a2200277 4500 | ||
|---|---|---|---|
| 001 | RU\NLR\bibl\1498959 | ||
| 005 | 20260405182521.0 | ||
| 010 |
_a978-5-9985-0174-6 _97000 |
||
| 021 |
_aRU _b2010-14910 _9995 |
||
| 035 | _a(NLR Aleph) 001490430 | ||
| 090 |
_a1760159 _c1760159 |
||
| 100 | _a20100414d2010 |||y0rusy50 ca | ||
| 101 | 1 |
_arus _ceng |
|
| 102 | _aRU | ||
| 105 | _ay ||||||||| | ||
| 200 | 1 |
_aПасхальный парад _eроман _fРичард Йейтс _g[пер. с англ. Сергея Таска] |
|
| 210 |
_aСанкт-Петербург _cАзбука-классика _d2010 |
||
| 215 |
_a220, [2] с. _d18 |
||
| 225 | 1 | _aПрочесть обязательно! | |
| 686 | _aШ6(7США)67-440.4{Лх1979-50} | ||
| 700 | 1 |
_4070 _aЙейтс _bР. _f1926-1992 _gРичард _3RU\NLR\auth\7779225 _962153 |
|
| 801 | 0 |
_aRU _bNLR _c20100414 _gRCR |
|
| 801 | 1 |
_aRU _bNLR _c20100414 |
|
| 942 | _cBOOK | ||
| 980 | _aNB | ||